000 01169nam a2200217 i 4500
001 156132
003 ES-MaACL
005 20250721134711.0
008 040728s1895 sp |||| | spa d
100 1 _aIzquierdo, José Alberto.
_9128225
245 1 0 _aRestos del imperio colonial en América :
_bmemoria leída en el Ateneo de Madrid el día 15 de enero de 1895 /
_cpor José Alberto Izquierdo como secretario de la Sección de Ciencias Históricas.
260 _aMadrid :
_b[s.n.],
_c1895 (
_fEstab. Tip. "Sucesores de Rivadeneyra")
300 _a24 p. ;
_c20 cm.
530 _aDisponible en formato digital.
610 2 4 _aAteneo de Madrid.
_bSección de Ciencias Históricas-
_vMemorias.
_91982
651 4 _aEspaña-
_xColonias-
_yS.XIX
_98176
852 _aES-MaACL
_jT-989-F-5
_z- Enc. hol., conservando cub. original
_z. - Dedicatoria autógrafa del autor
_z- Enc. en un vol. facticio
852 _aES-MaACL
_jT-758-F-6
_z- Enc. hol., conservando cub. original
_z. - Dedicatoria autógrafa del autor
_z- Enc. en un vol. facticio
856 _uhttps://archive.org/details/restosdelimperi00izqugoog/page/n12
_zInternet Archive
999 _c156132
_d156132